| 000 | 00504nam a2200181 i 4500 | ||
|---|---|---|---|
| 001 | 81322 | ||
| 003 | ES-MaACL | ||
| 005 | 20250822063133.0 | ||
| 007 | t| | ||
| 008 | 041104s1969 sp ||||1| spa d | ||
| 100 | 1 |
_aHuertas, Josep M., _d1939-2007 _9150042 |
|
| 245 | 1 | 0 |
_aChicos de la gran ciudad / _cJosep M. Huertas. |
| 250 | _a[1ยช ed.]. | ||
| 260 |
_aBarcelona : _bNova Terra, _c[1969] |
||
| 300 |
_a251 p. ; _c16 cm. |
||
| 852 |
_aES-MaACL _jC-36891 _bR.71247 |
||
| 999 |
_c81322 _d81322 |
||